Изучение влияния магнитного поля на процесс осадкообразования и вязкостно- температурные свойства нефтегазоконденсатной смеси; Химия и химическая технология в XXI веке; Т. 2

Dades bibliogràfiques
Parent link:Химия и химическая технология в XXI веке: материалы XIV Всероссийской научно-практической конференции имени профессора Л.П. Кулёва студентов и молодых ученых с международным участием, Томск, 13-16 мая 2013 г/ Национальный исследовательский Томский политехнический университет (ТПУ).— , 2013
Т. 2.— 2013.— [С. 49-51]
Autor principal: Новикова Т. В.
Autor corporatiu: Национальный исследовательский Томский политехнический университет (ТПУ) Институт природных ресурсов (ИПР) Кафедра химической технологии топлива и химической кибернетики (ХТТ)
Altres autors: Лоскутова Ю. В. (научный руководитель), Мойзес О. Е. Ольга Ефимовна
Sumari:Заглавие с титульного экрана
Idioma:rus
Publicat: 2013
Col·lecció:Технология и моделирование процессов подготовки и переработки природных энергоносителей
Matèries:
Accés en línia:http://www.lib.tpu.ru/fulltext/c/2013/C27/V2/025.pdf
Format: Electrònic Capítol de llibre
KOHA link:https://koha.lib.tpu.ru/cgi-bin/koha/opac-detail.pl?biblionumber=242187

MARC

LEADER 00000naa2a2200000 4500
001 242187
005 20251219133307.0
035 |a (RuTPU)RU\TPU\book\263486 
035 |a RU\TPU\book\263485 
090 |a 242187 
100 |a 20130828d2013 k y0rusy50 ca 
101 0 |a rus 
102 |a RU 
135 |a drcn ---uucaa 
181 0 |a i  
182 0 |a b 
200 1 |a Изучение влияния магнитного поля на процесс осадкообразования и вязкостно- температурные свойства нефтегазоконденсатной смеси  |f Т. В. Новикова, Ю. В. Лоскутова  |g науч. рук. О. Е. Мойзес 
203 |a Текст  |c электронный 
225 1 |a Технология и моделирование процессов подготовки и переработки природных энергоносителей 
300 |a Заглавие с титульного экрана 
320 |a [Библиогр.: с. 51 (1 назв.)] 
337 |a Adobe Reader 
461 1 |0 (RuTPU)RU\TPU\book\259433  |t Химия и химическая технология в XXI веке  |o материалы XIV Всероссийской научно-практической конференции имени профессора Л.П. Кулёва студентов и молодых ученых с международным участием, Томск, 13-16 мая 2013 г  |o в 2 т.  |f Национальный исследовательский Томский политехнический университет (ТПУ)  |d 2013 
463 1 |0 (RuTPU)RU\TPU\book\259439  |t Т. 2  |v [С. 49-51]  |d 2013 
610 1 |a труды учёных ТПУ 
610 1 |a электронный ресурс 
610 1 |a магнитное поле 
610 1 |a осадкообразование 
610 1 |a вязкостно-температурные зависимости 
610 1 |a свойства 
610 1 |a нефтегазоконденсатные смеси 
700 1 |a Новикова  |b Т. В. 
701 1 |a Лоскутова  |b Ю. В. 
702 1 |a Мойзес  |b О. Е.  |c химик-технолог, специалист в области информатики и вычислительной техники  |c доцент Томского политехнического университета, кандидат технических наук  |f 1950-  |g Ольга Ефимовна  |3 (RuTPU)RU\TPU\pers\25862  |4 727  |9 11730 
712 0 2 |a Национальный исследовательский Томский политехнический университет (ТПУ)  |b Институт природных ресурсов (ИПР)  |b Кафедра химической технологии топлива и химической кибернетики (ХТТ)  |3 (RuTPU)RU\TPU\col\18665 
801 2 |a RU  |b 63413507  |c 20130828  |g RCR 
856 4 |u http://www.lib.tpu.ru/fulltext/c/2013/C27/V2/025.pdf 
942 |c CF